La defensa de occidente

保存先:
書誌詳細
第一著者: Massis, Henri
フォーマット: 図書
言語:Undetermined
出版事項: Santiago, Chile Osiris 1933
主題:
タグ: タグ追加
タグなし, このレコードへの初めてのタグを付けませんか!

MARC

LEADER 00000nam a2200000Ia 4500
008 170316s9999 xx 000 0 und d
090 |a 100 M-25d 
100 |a Massis, Henri 
245 |a La defensa de occidente 
260 |a Santiago, Chile 
260 |b Osiris 
260 |c 1933 
300 |a 143 páginas 
650 |a FILOSOFÍA 
999 |c 16973  |d 16973 
040 |a cru BVZT 
942 |c 15 D  |h 100 M-25d  |2 z